Les 100 livres du XXème siècle - Statistiques

Statistiques générales
  • Ce quiz a été pris 137 fois
  • Le résultat moyen est 18 sur 100
Statistiques - réponses
# Auteur/Autrice Titre % Correct
4 Antoine de Saint-Exupéry Le Petit Prince
94%
1 Albert Camus L'Étranger
90%
19 Anne Frank Le Journal d'Anne Frank
75%
22 Georges Orwell 1984
73%
2 Marcel Proust A la recherche du temps perdu
68%
58 J.R.R. Tolkien Le Seigneur des anneaux
60%
6 Louis-Ferdinand Céline Voyage au bout de la nuit
58%
7 John Steinbeck Les Raisins de la colère
54%
11 Simone de Beauvoir Le Deuxième Sexe
52%
21 Aldous Huxley Le Meilleur des mondes
47%
10 Boris Vian L'Écume des jours
46%
27 Vladimir Nabokov Lolita
45%
3 Franz Kafka Le Procès
43%
17 Guillaume Apollinaire Alcools
41%
74 Jules Renard Journal
41%
14 Umberto Eco Le Nom de la rose
41%
12 Samuel Beckett En attendant Godot
34%
41 Françoise Sagan Bonjour tristesse
33%
33 Gabriel Garcia Marquez Cent ans de solitude
33%
46 Francis Scott Fitzgerald Gatsby le magnifique
33%
5 André Malraux La Condition Humaine
32%
24 Eugène Ionesco La Cantatrice chauve
31%
57 Primo Levi Si c'est un homme
31%
36 Raymond Queneau Zazie dans le métro
28%
28 James Joyce Ulysse
27%
67 Jack Kerouac Sur la route
25%
15 Alexandre Soljenitsyne L'Archipel du goulag
24%
9 Alain-Fournier Le Grand Maulnes
22%
23 René Goscinny et Albert Uderzo Astérix le Gaulois
21%
55 Michel Tournier Vendredi ou les limbes du Pacifique
21%
56 H.G. Wells La Guerre des mondes
19%
44 Arthur Conan Doyle Le Chien des Baskerville
19%
61 Jack London Martin Eden
19%
20 Claude Lévi-Strauss Tristes tropiques
19%
38 Margaret Mitchell Autant en emporte le vent
18%
32 Albert Cohen Belle du Seigneur
17%
30 André Gide Les Faux-Monnayeurs
17%
16 Jacques Prévert Paroles
17%
8 Ernest Hemingway Pour qui sonne le glas
17%
40 Thomas Mann La Montagne magique
16%
88 J.D. Salinger L'Attrape-coeurs
16%
69 Virginia Woolf Une chambre à soi
16%
29 Dino Buzzati Le Désert des Tartares
14%
35 François Mauriac Thérèse Desqueyroux
13%
13 Jean-Paul Sartre L'Être et le Néant
11%
50 André Breton Nadja
11%
51 Louis Aragon Aurélien
10%
52 Paul Claudel Le Soulier de satin
10%
98 André Franquin Gaston Lagaffe
9%
39 D.H. Lawrence L'Amant de Lady Chatterley
9%
26 Marguerite Yourcenar L'Oeuvre au noir
9%
45 Georges Bernanos Sous le soleil de satan
9%
70 Ray Bradbury Chroniques martiennes
8%
94 Mikhaïl Boulgakov Le Maître et Marguerite
8%
42 Vercors Le Silence de la mer
8%
53 Luigi Pirandello Six personnages en quête d'auteur
8%
18 Hergé Le Lotus bleu
7%
92 Michel Butor La Modification
6%
48 Alberto Moravia Le Mépris
6%
65 Julien Gracq Le Rivage des Syrtes
6%
37 Stefan Zweig La Confusion des sentiments
5%
100 Salman Rushdie Les Enfants de minuit
5%
99 Malcolm Lowry Au-dessous du volcan
4%
47 Milan Kundera La Plaisanterie
4%
71 Marguerite Duras Le Ravissement de Lol V. Stein
4%
73 Nathalie Sarraute Tropismes
4%
90 Edgar P. Jacobs Blake et Mortimer
3%
60 Paul Eluard Capitale de la douleur
3%
79 Jorge Luis Borges Fictions
3%
87 René Char Fureur et mystère
3%
43 Georges Perec La Vie mode d'emploi
3%
49 Agatha Christie Le Meurtre de Roger Ackroyd
3%
59 Colette Les Vrilles de la vigne
3%
77 Antonin Artaud Le Théâtre et son double
3%
97 Saint-John Perse Amers
2%
82 William Styron Le Choix de Sophie
2%
96 Raymond Chandler Le Grand Sommeil
2%
93 Hannah Arendt Les Origines du totalitarisme
2%
86 Robert Musil L'Homme sans qualités
2%
63 Roland Barthes Le Degré zéro de l'écriture
1%
81 Ismail Kadaré Le Général de l'armée morte
1%
72 J.M.G. Le Clézio Le Procès-verbal
1%
75 Joseph Conrad Lord Jim
1%
78 John Dos Passos Manhattan Transfer
1%
80 Blaise Cendrars Moravagine
1%
85 Jean Genet Notre-dame des Fleurs
1%
25 Sigmund Freud Trois essais sur la théorie sexuelle
1%
76 Jacques Lacan Ecrits
0%
62 Hugo Pratt La Ballade de la mer salée
0%
95 Henry Miller La Crucifixion en rose
0%
54 Bertolt Brecht La Résistible Ascension d'Arturo Ui
0%
34 William Faulkner Le Bruits et la fureur
0%
31 Jean Giono Le Hussards sur le toit
0%
68 Salma Lagerlöf Le Merveilleux Voyage de Nils Holgersson à travers la Suède
0%
91 Rainer Maria Rilke Les Cahiers de Malte Laurids Brigge
0%
66 Michel Foucault Les Mots et les choses
0%
64 Heinrich Böll L'Honneur perdu de Katharina Blum
0%
89 James Hadley Chase Pas d'Orchidées pour Miss Blandish
0%
84 Georges Simenon Pietr-le-Letton
0%
83 Federico Garcia Lorca Romanciero gitano
0%
Aucun quiz correspondant
Distribution des résultats
% des personnes avec chaque résultat
Percentile par nombre de réponses
Votre historique - résultats
Vous n’avez pas pris ce quiz